| 000 | 00616nam a2200229Ia 4500 | ||
|---|---|---|---|
| 003 | OSt | ||
| 005 | 20220926004714.0 | ||
| 006 | a|||||r|||| 00| 0 | ||
| 007 | ta | ||
| 008 | 220923b |||||||| |||| 00| 0 eng d | ||
| 037 | _cGeneral Book | ||
| 040 |
_aRTL _cRTL _beng |
||
| 041 |
_2eng _aeng |
||
| 082 | _aX:54, L2 | ||
| 100 | _aGhosh U. N. | ||
| 245 | 0 | _aTheory of international trade and money | |
| 260 |
_a New Delhi _bS Chand India _c1972 |
||
| 300 |
_aix,180p. Appendices p 149-78 _ccm. |
||
| 650 | _aExport | ||
| 942 |
_hX:54, L2 _cGB _2CC |
||
| 999 |
_c611979 _d611979 |
||